[Event "Berlin-ch"]
[Site "Berlin"]
[Date "2007.04.11"]
[Round "6"]
[White "Kapr, Klaus"]
[Black "Kristovic, Stjepan"]
[Result "0-1"]
[WhiteElo "2086"]
[BlackElo "2088"]
[PlyCount "100"]
[EventDate "2007.04.06"]
[EventType "swiss"]
[EventRounds "9"]
[EventCountry "GER"]
[SourceTitle "CBM 117 Extra"]
[Source "ChessBase"]
[SourceDate "2007.05.09"]
[SourceVersion "1"]
[SourceVersionDate "2007.05.09"]
[SourceQuality "1"]

1. e4 e5 2. Nf3 Nc6 3. Bb5 a6 4. Ba4 Nf6 5. 0-0 b5 6. Bb3 Be7 7. Re1 Bb7 8. c3 0-0 9. d4 d6 10. Nbd2 Qd7 11. Nf1 Rfe8 12. Ng3 g6 13. Bg5 Rad8 14. Qd2 Na5 15. Bc2 c5 16. a4 Qc7 17. d5 Bc8 18. b3 Bd7 19. axb5 axb5 20. Rad1 Bg4 21. h3 Bxf3 22. gxf3 Nd7 23. h4 Nf8 24. Kg2 Ra8 25. Rh1 c4 26. Bxe7 Qxe7 27. b4 Nb7 28. h5 Ra2 29. Rc1 Qf6 30. Qe3 Ra6 31. hxg6 fxg6 32. Rh6 Qg7 33. Rch1 Nd8 34. R6h4 Ra3 35. Rg4 Nf7 36. Nh5 Qh8 37. f4 exf4 38. Qxf4 Nd7 39. Rh3 Rxc3 40. Ng3 Qf6 41. Qxf6 Nxf6 42. Rf4 Rxc2 43. Rxf6 Re7 44. Rh1 Rb2 45. Re1 Rxb4 46. e5 dxe5 47. f4 Rb2+ 48. Kh3 Rd2 49. f5 Kg7 50. fxg6 Ng5+ 0-1

[Event "Berlin-ch"]
[Site "Berlin"]
[Date "2007.04.09"]
[Round "4"]
[White "Kristovic, Stjepan"]
[Black "Kachibadze, Georg"]
[Result "1/2-1/2"]
[WhiteElo "2088"]
[BlackElo "2021"]
[PlyCount "114"]
[EventDate "2007.04.06"]
[EventType "swiss"]
[EventRounds "9"]
[EventCountry "GER"]
[SourceTitle "CBM 117 Extra"]
[Source "ChessBase"]
[SourceDate "2007.05.09"]
[SourceVersion "1"]
[SourceVersionDate "2007.05.09"]
[SourceQuality "1"]

1. e4 c5 2. Nf3 d6 3. Nc3 Nc6 4. d4 cxd4 5. Nxd4 Nf6 6. Be2 e5 7. Nb3 Be7 8. Be3 a5 9. a4 0-0 10. 0-0 Be6 11. f3 Nb4 12. Qd2 Rc8 13. Bd1 d5 14. exd5 Nfxd5 15. Nxd5 Nxd5 16. Bf2 Nb4 17. Qxd8 Bxd8 18. Nc5 Bc4 19. Re1 Bb6 20. Nxb7 Bxf2+ 21. Kxf2 Ba6 22. Nxa5 Nxc2 23. Bxc2 Rxc2+ 24. Kg3 Rb8 25. Rxe5 f6 26. Re6 Bc8 27. Rc6 Rbxb2 28. Rxc2 Rxc2 29. Nb3 Ba6 30. a5 Rc3 31. Nd4 Kf7 32. Rb1 Rc5 33. Ra1 g5 34. Nb3 Rd5 35. Rc1 Rb5 36. Rc7+ Kg6 37. Rc6 Rxb3 38. Rxa6 Ra3 39. h4 h6 40. h5+ Kxh5 41. Rxf6 Rxa5 42. Kh3 g4+ 43. fxg4+ Kg5 44. Rf8 h5 45. Rg8+ Kf6 46. Kh4 hxg4 47. Kxg4 Rb5 48. Kh4 Kf7 49. Rg5 Rb1 50. Ra5 Kg6 51. Ra6+ Kg7 52. g4 Rh1+ 53. Kg5 Rb1 54. Ra7+ Kg8 55. Kh6 Rb6+ 56. Kh5 Rc6 57. g5 Rb6 1/2-1/2

[Event "Berlin op 09"]
[Site "Berlin"]
[Date "2006.10.05"]
[Round "6"]
[White "Kristovic, Stjepan"]
[Black "Maahs, Erich"]
[Result "1-0"]
[WhiteElo "2053"]
[BlackElo "2183"]
[PlyCount "118"]
[EventDate "2006.09.30"]
[EventType "swiss"]
[EventRounds "9"]
[EventCountry "GER"]
[SourceTitle "EXT 2007"]
[Source "ChessBase"]
[SourceDate "2006.11.23"]
[SourceVersion "1"]
[SourceVersionDate "2006.11.23"]
[SourceQuality "1"]

1. e4 e5 2. Nf3 Nf6 3. Nc3 Bb4 4. Bc4 d6 5. d3 h6 6. Bd2 Nc6 7. a3 Ba5 8. h3 0-0 9. g4 Nh7 10. Rg1 Be6 11. b4 Bxc4 12. dxc4 Bb6 13. Na4 f6 14. h4 Qe8 15. c3 Qf7 16. Qe2 a6 17. Rg2 Ba7 18. Nb2 Nd8 19. Be3 Ne6 20. Qd2 c5 21. Qd5 Kh8 22. Rd1 Rfd8 23. Rg3 Rd7 24. Na4 Rad8 25. b5 Kg8 26. g5 fxg5 27. hxg5 hxg5 28. b6 Bb8 29. Nxg5 Nhxg5 30. Bxg5 Nxg5 31. Rxg5 Qxd5 32. Rxd5 Kf7 33. Rd3 Kf6 34. Rdg3 Rg8 35. Rg6+ Kf7 36. Nb2 Re7 37. Nd1 Re6 38. Rxe6 Kxe6 39. Ne3 g6 40. a4 Kf7 41. Nd5 Rh8 42. Rf3+ Kg7 43. Rf6 Rf8 44. Re6 Rf7 45. Kf1 Rf8 46. Kg2 Rf7 47. f3 Rf8 48. Kg3 Rf7 49. Kg4 Rf8 50. Re7+ Rf7 51. Kg5 Kf8 52. Rc7 Rxf3 53. Rxb7 Rf2 54. Rxb8+ Kg7 55. Rb7+ Kf8 56. Kxg6 Ke8 57. Nf6+ Kd8 58. Kf7 a5 59. Ke6 Rd2 1-0

[Event "Berlin op 09"]
[Site "Berlin"]
[Date "2006.10.03"]
[Round "4"]
[White "Tchetchelnitski, Boris"]
[Black "Kristovic, Stjepan"]
[Result "0-1"]
[WhiteElo "2232"]
[BlackElo "2053"]
[PlyCount "196"]
[EventDate "2006.09.30"]
[EventType "swiss"]
[EventRounds "9"]
[EventCountry "GER"]
[SourceTitle "EXT 2007"]
[Source "ChessBase"]
[SourceDate "2006.11.23"]
[SourceVersion "1"]
[SourceVersionDate "2006.11.23"]
[SourceQuality "1"]

1. Nf3 d5 2. d4 Nf6 3. Bg5 e6 4. e3 Be7 5. Nbd2 Nbd7 6. Bd3 0-0 7. 0-0 a6 8. Ne5 Nxe5 9. dxe5 Nd7 10. Bf4 g6 11. Bg3 f5 12. exf6 Bxf6 13. c3 Rf7 14. Qe2 b6 15. e4 Bb7 16. e5 Bg7 17. h4 Nf8 18. Qg4 h5 19. Qe2 Bh6 20. f4 Qe7 21. Rf2 Rg7 22. Nf3 Nd7 23. Re1 Rf8 24. Nd2 Nc5 25. Bc2 a5 26. b4 Ba6 27. Qe3 axb4 28. cxb4 Nd7 29. Rb1 c5 30. Qa3 Ra8 31. Nf3 Qe8 32. Qb2 Re7 33. a3 Bf8 34. Ng5 Rg7 35. Kh2 Bc4 36. Qc3 b5 37. Rd2 Nb6 38. Bf2 d4 39. Qg3 cxb4 40. axb4 Nd5 41. Ne4 Qf7 42. Nf6+ Kh8 43. Qg5 d3 44. Bxd3 Bxd3 45. Rxd3 Nxf6 46. exf6 Rh7 47. Qxb5 Qc7 48. Rf3 Qc2 49. Qf1 Ra2 50. Rc1 Qe4 51. Bc5 Bxc5 52. bxc5 Rc7 53. Qd3 Qxd3 54. Rxd3 Kg8 55. c6 Kf7 56. Rd6 Re2 57. Kg3 Kxf6 58. Kf3 Ra2 59. Re1 Re7 60. Rc1 Ra3+ 61. Ke4 Rc7 62. Rd7 Ra4+ 63. Ke3 Ra3+ 64. Rd3 Ra2 65. Kd4 Ra5 66. Ke4 Ra4+ 67. Rd4 Ra2 68. g3 Ra3 69. Rd3 Ra4+ 70. Ke3 Ra6 71. Rdc3 Ra4 72. Rc4 Ra3+ 73. R1c3 Ra5 74. Ke4 Rb5 75. Rc5 Rb4+ 76. Kd3 Ra4 77. Kc2 Ra2+ 78. Kb3 Ra6 79. Kb4 Rb6+ 80. Ka5 Rb1 81. Ka4 Ra7+ 82. Ra5 Ra1+ 83. Kb4 R1xa5 84. c7 Ra4+ 85. Kb5 Rxc7 86. Rxc7 Ra3 87. Kc4 Rxg3 88. Kd4 Rg4 89. Ke4 Rxh4 90. Rc5 Rh3 91. Rc8 Ra3 92. Rh8 Ra4+ 93. Kf3 Ra5 94. Rf8+ Kg7 95. Re8 Kf7 96. Rb8 e5 97. Rb7+ Kf6 98. Rb6+ Kg7 0-1

[Event "Berlin op 09"]
[Site "Berlin"]
[Date "2006.10.02"]
[Round "3"]
[White "Kristovic, Stjepan"]
[Black "Haemmerlein, Thomas"]
[Result "1/2-1/2"]
[WhiteElo "2053"]
[BlackElo "2195"]
[PlyCount "66"]
[EventDate "2006.09.30"]
[EventType "swiss"]
[EventRounds "9"]
[EventCountry "GER"]
[SourceTitle "EXT 2007"]
[Source "ChessBase"]
[SourceDate "2006.11.23"]
[SourceVersion "1"]
[SourceVersionDate "2006.11.23"]
[SourceQuality "1"]

1. e4 c5 2. Nf3 e6 3. d4 cxd4 4. Nxd4 Bc5 5. Nb3 Bb6 6. Be2 Ne7 7. 0-0 0-0 8. c4 f5 9. c5 Bc7 10. exf5 Nxf5 11. g3 Nc6 12. Nc3 b6 13. Nb5 bxc5 14. Nxc7 Qxc7 15. Nxc5 Ncd4 16. Nb3 Nxe2+ 17. Qxe2 Bb7 18. Bf4 Qc6 19. f3 Nh4 20. Nd4 Qc5 21. Qe3 Nf5 22. Nxf5 Rxf5 23. b3 Qb5 24. a4 Qb4 25. Rad1 Bd5 26. Rd3 a6 27. Qd2 Qb6+ 28. Be3 Qb7 29. f4 Rc8 30. Rc1 Rxc1+ 31. Qxc1 Qb4 32. Bd4 Bc6 33. Qe3 Qa3 1/2-1/2

[Event "Berlin Lichtenberger op 5th"]
[Site "Berlin"]
[Date "2006.08.24"]
[Round "6"]
[White "Kristovic, Stjepan"]
[Black "Schatz, Dieter"]
[Result "1-0"]
[WhiteElo "2053"]
[BlackElo "2229"]
[PlyCount "81"]
[EventDate "2006.08.19"]
[EventType "swiss"]
[EventRounds "9"]
[EventCountry "GER"]
[SourceTitle "CBM 113 Extra"]
[Source "ChessBase"]
[SourceDate "2006.09.14"]
[SourceVersion "1"]
[SourceVersionDate "2006.09.14"]
[SourceQuality "1"]

1. e4 e6 2. Nf3 d5 3. Nc3 Nf6 4. e5 Nfd7 5. d4 a6 6. Bg5 Be7 7. Qd2 h6 8. Bxe7 Qxe7 9. Ne2 Nb6 10. Nf4 Bd7 11. Nh5 Qf8 12. b3 Bc6 13. Bd3 N8d7 14. 0-0 Nc8 15. Rfe1 Ne7 16. Qe3 g6 17. Nf6+ Kd8 18. Qf4 Qg7 19. h4 Ng8 20. Ng4 Ne7 21. a4 b6 22. b4 Bb7 23. Nf6 Ng8 24. Ng4 Ne7 25. g3 Nf5 26. Rad1 Qf8 27. b5 a5 28. Ra1 Qe7 29. Nf6 Rc8 30. g4 Nxh4 31. Nxh4 g5 32. Qg3 gxh4 33. Qxh4 Nxf6 34. exf6 Qb4 35. g5 Kd7 36. g6 fxg6 37. Qg4 Qd6 38. f7 h5 39. Qxg6 Rcf8 40. Rxe6 Qf4 41. Bf5 1-0

[Event "Berlin op 04"]
[Site "Berlin"]
[Date "2006.04.21"]
[Round "7"]
[White "Alic, Miran"]
[Black "Kristovic, Stjepan"]
[Result "1/2-1/2"]
[WhiteElo "1976"]
[BlackElo "1965"]
[PlyCount "86"]
[EventDate "2006.04.14"]
[EventType "swiss"]
[EventRounds "9"]
[EventCountry "GER"]
[SourceTitle "EXT 2007"]
[Source "ChessBase"]
[SourceDate "2006.11.23"]
[SourceVersion "1"]
[SourceVersionDate "2006.11.23"]
[SourceQuality "1"]

1. e4 e5 2. Nc3 Nf6 3. f4 Bb4 4. d3 d6 5. Nf3 h6 6. a3 Bxc3+ 7. bxc3 Nc6 8. Be2 Qe7 9. Rb1 0-0 10. c4 exf4 11. Bxf4 Nh5 12. Bd2 f5 13. exf5 Rxf5 14. 0-0 Nf4 15. Bxf4 Rxf4 16. Qd2 Rf6 17. d4 b6 18. Bd3 Bf5 19. Rbe1 Qf7 20. d5 Bxd3 21. Qxd3 Ne5 22. Nxe5 dxe5 23. Rxe5 Rxf1+ 24. Qxf1 Qxf1+ 25. Kxf1 Kf7 26. Ke2 Rd8 27. Ke3 Rd6 28. Kf4 g6 29. Re3 Rf6+ 30. Ke4 Ke7 31. Rf3 Rd6 32. Ke5 g5 33. g4 Rg6 34. a4 Rd6 35. c5 bxc5 36. Rc3 Ra6 37. Rxc5 Kd7 38. a5 Kc8 39. c4 Kd8 40. Rb5 c6 41. Rc5 cxd5 42. Rxd5+ Kc7 43. Kf5 Rc6 1/2-1/2

[Event "Berlin op 04"]
[Site "Berlin"]
[Date "2006.04.20"]
[Round "6"]
[White "Kristovic, Stjepan"]
[Black "Kachibadze, Georg"]
[Result "1-0"]
[WhiteElo "1965"]
[BlackElo "1901"]
[PlyCount "73"]
[EventDate "2006.04.14"]
[EventType "swiss"]
[EventRounds "9"]
[EventCountry "GER"]
[SourceTitle "EXT 2007"]
[Source "ChessBase"]
[SourceDate "2006.11.23"]
[SourceVersion "1"]
[SourceVersionDate "2006.11.23"]
[SourceQuality "1"]

1. e4 c5 2. Nf3 Nc6 3. d4 cxd4 4. Nxd4 Nf6 5. Nc3 g6 6. Be2 Bg7 7. Be3 0-0 8. Qd2 d5 9. exd5 Nxd5 10. Nxd5 Qxd5 11. Bf3 Qc4 12. Nxc6 bxc6 13. c3 Rb8 14. Be2 Qd5 15. Qxd5 cxd5 16. 0-0-0 Be6 17. a3 a5 18. Bd4 Bh6+ 19. Be3 Bxe3+ 20. fxe3 Rfd8 21. Bf3 Rb5 22. b4 axb4 23. cxb4 Rc8+ 24. Kb2 Bf5 25. Bxd5 Rc2+ 26. Kb3 Re2 27. e4 Bxe4 28. Bxe4 Rxe4 29. Rhe1 Rg4 30. g3 e5 31. Rd7 e4 32. Re7 f5 33. Rc1 Rb8 34. Rcc7 g5 35. Rg7+ Kh8 36. Rxh7+ Kg8 37. Rhe7 1-0

[Event "Berlin op 09"]
[Site "Berlin"]
[Date "2005.10.17"]
[Round "6"]
[White "Kristovic, Stjepan"]
[Black "Rohrbach, Stephan"]
[Result "1/2-1/2"]
[WhiteElo "1984"]
[BlackElo "1879"]
[PlyCount "74"]
[EventDate "2005.09.05"]
[EventType "swiss"]
[EventRounds "7"]
[EventCountry "GER"]
[SourceTitle "EXT 2007"]
[Source "ChessBase"]
[SourceDate "2006.11.23"]
[SourceVersion "1"]
[SourceVersionDate "2006.11.23"]
[SourceQuality "1"]

1. e4 e6 2. d4 d5 3. Bd3 dxe4 4. Bxe4 Nf6 5. Bf3 c5 6. c3 Nc6 7. Ne2 cxd4 8. Nxd4 Nxd4 9. cxd4 Bd6 10. Nc3 0-0 11. 0-0 a6 12. Bg5 Qa5 13. Qd2 Qf5 14. Rfe1 Qg6 15. Bf4 Bb8 16. Bxb8 Rxb8 17. Re5 h6 18. Qf4 Bd7 19. Rc5 Bc6 20. Bxc6 bxc6 21. Qd2 Ne4 22. Nxe4 Qxe4 23. f3 Qh4 24. Rxc6 Rfd8 25. Rd1 a5 26. b3 Rb5 27. g3 Qf6 28. Qc3 Rbd5 29. Rc8 e5 30. Rd3 exd4 31. Rxd8+ Qxd8 32. Qd2 Qd6 33. Kg2 f5 34. h4 Kf7 35. Kh3 Qe5 36. Kg2 Kf6 37. Kf2 g5 1/2-1/2

[Event "Berlin op 09"]
[Site "Berlin"]
[Date "2005.10.10"]
[Round "5"]
[White "Zierke, Marcel"]
[Black "Kristovic, Stjepan"]
[Result "0-1"]
[WhiteElo "1403"]
[BlackElo "1984"]
[PlyCount "76"]
[EventDate "2005.09.05"]
[EventType "swiss"]
[EventRounds "7"]
[EventCountry "GER"]
[SourceTitle "EXT 2007"]
[Source "ChessBase"]
[SourceDate "2006.11.23"]
[SourceVersion "1"]
[SourceVersionDate "2006.11.23"]
[SourceQuality "1"]

1. e4 e5 2. Nf3 Nc6 3. c3 d6 4. d4 Bg4 5. Bb5 Bxf3 6. Qxf3 a6 7. Bxc6+ bxc6 8. dxe5 dxe5 9. Qg3 Qf6 10. 0-0 Ne7 11. f4 Ng6 12. Qf2 Nxf4 13. Qc2 Bd6 14. g3 Qg6 15. Kh1 Ne6 16. Be3 0-0 17. Nd2 Kh8 18. Nf3 Qh5 19. Rae1 g6 20. Qg2 f5 21. exf5 gxf5 22. Bd2 e4 23. Qe2 Rae8 24. Nd4 Ng7 25. Nxc6 f4 26. Bxf4 Qd5 27. Nd4 c5 28. Nc2 Bxf4 29. Ne3 Qxa2 30. gxf4 Nf5 31. Ng4 Qd5 32. Rd1 Qc6 33. Ne5 Rxe5 34. fxe5 e3+ 35. Qf3 Ng3+ 36. Kg2 Rxf3 37. Rxf3 Ne4 38. Rxe3 Nxc3+ 0-1

[Event "Berlin op 09"]
[Site "Berlin"]
[Date "2005.09.12"]
[Round "2"]
[White "Kristovic, Stjepan"]
[Black "Adam, Horst Dieter"]
[Result "1-0"]
[WhiteElo "1984"]
[BlackElo "1515"]
[PlyCount "71"]
[EventDate "2005.09.05"]
[EventType "swiss"]
[EventRounds "7"]
[EventCountry "GER"]
[SourceTitle "EXT 2007"]
[Source "ChessBase"]
[SourceDate "2006.11.23"]
[SourceVersion "1"]
[SourceVersionDate "2006.11.23"]
[SourceQuality "1"]

1. e4 e6 2. Nf3 d5 3. e5 c5 4. d4 Nc6 5. c3 Qb6 6. Be2 cxd4 7. cxd4 Bb4+ 8. Nc3 Bd7 9. 0-0 Nge7 10. Na4 Qc7 11. a3 Ba5 12. b4 Bb6 13. Bb2 Rc8 14. Rc1 Qb8 15. Bd3 Nf5 16. Bb1 Nce7 17. Nc3 a6 18. g4 Nh6 19. h3 Ng6 20. Qd2 Bd8 21. Ne2 Bb5 22. Bd3 Bxd3 23. Qxd3 Nh4 24. Nxh4 Bxh4 25. Qe3 Rxc1 26. Bxc1 Kd7 27. b5 Rc8 28. Qd3 g6 29. Bxh6 Be7 30. bxa6 Rc4 31. Rb1 b6 32. Qb3 Rc6 33. Qa4 Qa7 34. Rc1 Qa8 35. a7 Kc7 36. Rxc6+ 1-0

[Event "Berlin op 03"]
[Site "Berlin"]
[Date "2005.03.27"]
[Round "2"]
[White "Neldner, Anita"]
[Black "Kristovic, Stjepan"]
[Result "1/2-1/2"]
[WhiteElo "1828"]
[BlackElo "2068"]
[PlyCount "106"]
[EventDate "2005.03.25"]
[EventType "swiss"]
[EventRounds "9"]
[EventCountry "GER"]
[SourceTitle "EXT 2007"]
[Source "ChessBase"]
[SourceDate "2006.11.23"]
[SourceVersion "1"]
[SourceVersionDate "2006.11.23"]
[SourceQuality "1"]

1. e4 e5 2. Nf3 Nc6 3. Bc4 h6 4. Nc3 d6 5. d4 exd4 6. Nxd4 Ne5 7. Bb3 a6 8. 0-0 g6 9. f4 Nd7 10. f5 g5 11. Qh5 Rh7 12. Ne6 Ngf6 13. Qxf7+ Rxf7 14. Nxd8 Rh7 15. Ne6 Ne5 16. Nd5 Nxd5 17. exd5 Rf7 18. Bd2 Bxe6 19. dxe6 Rf6 20. Bc3 Be7 21. Rae1 0-0-0 22. Bxe5 dxe5 23. Rxe5 c6 24. Ree1 Kc7 25. g4 h5 26. Rd1 Bc5+ 27. Kg2 Rxd1 28. Rxd1 hxg4 29. Rf1 Bd6 30. c3 Bf4 31. Bc2 Rh6 32. Rh1 Kd6 33. h3 gxh3+ 34. Rxh3 Rxh3 35. Kxh3 Ke7 36. Kg4 Kf6 37. Kf3 Bc1 38. b3 Bb2 39. c4 Ba3 40. Ke4 Bd6 41. Bd1 Bc5 42. Bg4 Bf2 43. Kd3 Bc5 44. Ke4 Bf2 45. Bh5 Ke7 46. b4 Be1 47. b5 axb5 48. cxb5 cxb5 49. Be2 b4 50. Kd5 Bg3 51. Kc5 Bd6+ 52. Kb6 Kf6 53. Bg4 Be7 1/2-1/2

[Event "Berlin Lichtenberger Sommer 3th"]
[Site "Berlin"]
[Date "2004.08.21"]
[Round "7.17"]
[White "Muehlenhaus, Sven"]
[Black "Kristovic, Stjepan"]
[Result "1/2-1/2"]
[WhiteElo "2171"]
[BlackElo "2034"]
[PlyCount "120"]
[EventDate "2004.08.14"]
[EventType "swiss"]
[EventRounds "9"]
[EventCountry "GER"]
[SourceTitle "EXT 2022"]
[Source "ChessBase"]
[SourceDate "2021.10.06"]
[SourceVersion "1"]
[SourceVersionDate "2021.10.06"]
[SourceQuality "1"]

1. d4 d5 2. c4 e6 3. Nc3 Nf6 4. Nf3 c6 5. e3 Ne4 6. Nxe4 dxe4 7. Nd2 f5 8. Be2 Bd6 9. 0-0 Qh4 10. f4 c5 11. Nb3 cxd4 12. Qxd4 Qe7 13. Bh5+ Kf8 14. c5 Bc7 15. Qc3 Nc6 16. Nd4 Nxd4 17. Qxd4 Bd7 18. Be2 Rd8 19. Qc3 Qf6 20. Qxf6+ gxf6 21. b4 Ba4 22. Bb2 Ke7 23. Bc3 b6 24. Rfc1 bxc5 25. bxc5 Rb8 26. Rab1 Rxb1 27. Rxb1 Rb8 28. Rxb8 Bxb8 29. Kf2 Bc7 30. a3 Bd8 31. Bc4 Bc7 32. Ke2 Bc6 33. Ba6 Bd5 34. Kd2 e5 35. g3 Kd7 36. Bb5+ Ke7 37. Kc2 Be6 38. a4 a5 39. Bd2 Bd5 40. Kc3 Be6 41. Bc1 Kf8 42. Ba3 Ke7 43. Bc4 Bc8 44. Kb3 Bb8 45. Bg8 Kf8 46. Bc4 Ke7 47. h4 Ba7 48. Kc3 Ke8 49. Bd5 Kd8 50. Bg8 h6 51. Bd5 Kc7 52. Kc4 Ba6+ 53. Kb3 Bc8 54. Bg8 Kc6 55. Kc3 Bxc5 56. Bxc5 Kxc5 57. Bb3 Bd7 58. Bc2 Bc6 59. Bd1 Bd5 60. Be2 Bc6 1/2-1/2

[Event "Berlin Lichtenberger Sommer 3th"]
[Site "Berlin"]
[Date "2004.08.15"]
[Round "2.2"]
[White "Kalinitschew, Sergey"]
[Black "Kristovic, Stjepan"]
[Result "1-0"]
[WhiteElo "2492"]
[BlackElo "2034"]
[PlyCount "109"]
[EventDate "2004.08.14"]
[EventType "swiss"]
[EventRounds "9"]
[EventCountry "GER"]
[SourceTitle "EXT 2022"]
[Source "ChessBase"]
[SourceDate "2021.10.06"]
[SourceVersion "1"]
[SourceVersionDate "2021.10.06"]
[SourceQuality "1"]

1. d4 d5 2. c4 e6 3. Nc3 Nf6 4. Nf3 Be7 5. Bf4 c6 6. e3 0-0 7. Bd3 Nbd7 8. h3 Re8 9. 0-0 Bb4 10. Qc2 Nf8 11. Rad1 Bd6 12. Ne5 dxc4 13. Bxc4 Nd5 14. Bh2 Nxc3 15. bxc3 f6 16. f4 Qc7 17. Nd3 Kh8 18. e4 b5 19. Bb3 Qb6 20. e5 Be7 21. exf6 gxf6 22. f5 c5 23. dxc5 Bxc5+ 24. Kh1 e5 25. Nxc5 Qxc5 26. Qe4 Rb8 27. Qg4 Nd7 28. Bf7 Rf8 29. Rd5 Qc4 30. Qxc4 bxc4 31. Be6 Nb6 32. Rxe5 Kg7 33. Re4 Rb7 34. Rg4+ Kh8 35. Bg1 Rg7 36. Bc5 Re8 37. Bxc8 Rxc8 38. Bd4 Nd5 39. Rb1 a6 40. Re4 Rg5 41. g4 h5 42. Rb7 hxg4 43. hxg4 Rd8 44. Kg2 Rg7 45. Rxg7 Kxg7 46. Kf3 Rd6 47. Re1 Kf7 48. Ke4 Rd7 49. Rh1 Kg8 50. Rb1 Kh7 51. Rb8 Rd6 52. Rc8 Kh6 53. Rxc4 Nb6 54. Be3+ Kg7 55. Rc7+ 1-0

[Event "Berlin op 04"]
[Site "Berlin"]
[Date "2004.04.18"]
[Round "9"]
[White "Iwinski, Grzegorz"]
[Black "Kristovic, Stjepan"]
[Result "1-0"]
[WhiteElo "1997"]
[BlackElo "2084"]
[PlyCount "77"]
[EventDate "2004.04.10"]
[EventType "swiss"]
[EventRounds "9"]
[EventCountry "GER"]
[SourceTitle "EXT 2007"]
[Source "ChessBase"]
[SourceDate "2006.11.23"]
[SourceVersion "1"]
[SourceVersionDate "2006.11.23"]
[SourceQuality "1"]

1. e4 e5 2. Nf3 Nf6 3. Nxe5 Qe7 4. d4 d6 5. Nf3 Nxe4 6. Be2 d5 7. 0-0 Be6 8. Nbd2 Nxd2 9. Bxd2 Nd7 10. Ng5 0-0-0 11. Re1 Qf6 12. Nxe6 Qxe6 13. Bf4 Bd6 14. Bf3 Qf6 15. Bxd6 Qxd6 16. Qd3 Rhf8 17. b3 Kb8 18. Rad1 c6 19. c4 Nf6 20. c5 Qf4 21. g3 Qg5 22. Re5 Qg6 23. Qe2 Ka8 24. Re1 a6 25. a4 Rfe8 26. b4 Rxe5 27. dxe5 Ne8 28. b5 Nc7 29. bxa6 Nxa6 30. Qd2 Qf5 31. Be2 Nc7 32. Qb2 Kb8 33. Rb1 Kc8 34. Qxb7+ Kd7 35. Rb6 Qxe5 36. Rxc6 Qxe2 37. Rxc7+ Ke8 38. Qb5+ Qxb5 39. axb5 1-0

[Event "Berlin op 04"]
[Site "Berlin"]
[Date "2004.04.16"]
[Round "7"]
[White "Kristovic, Stjepan"]
[Black "Mueller, Klaus2222"]
[Result "1-0"]
[WhiteElo "2084"]
[BlackElo "1712"]
[PlyCount "57"]
[EventDate "2004.04.10"]
[EventType "swiss"]
[EventRounds "9"]
[EventCountry "GER"]
[SourceTitle "EXT 2007"]
[Source "ChessBase"]
[SourceDate "2006.11.23"]
[SourceVersion "1"]
[SourceVersionDate "2006.11.23"]
[SourceQuality "1"]

1. e4 c5 2. Nf3 Nc6 3. d4 cxd4 4. Nxd4 e5 5. Nb3 d6 6. Bc4 Be7 7. Nc3 Nf6 8. f3 0-0 9. Be3 a6 10. Qd2 b5 11. Bd5 Bb7 12. 0-0-0 Qc7 13. Kb1 Rfc8 14. Qf2 Nb4 15. Bb6 Qb8 16. a3 Nbxd5 17. Nxd5 Nxd5 18. exd5 Bd8 19. Na5 Bf6 20. h4 Re8 21. Rhe1 Qc8 22. g4 Qd7 23. g5 Be7 24. f4 Bf8 25. f5 Rab8 26. f6 Ba8 27. Rf1 Rbc8 28. h5 Rb8 29. g6 1-0

[Event "Berlin op 04"]
[Site "Berlin"]
[Date "2004.04.12"]
[Round "3"]
[White "Mayer, Herbert"]
[Black "Kristovic, Stjepan"]
[Result "0-1"]
[WhiteElo "1758"]
[BlackElo "2084"]
[PlyCount "130"]
[EventDate "2004.04.10"]
[EventType "swiss"]
[EventRounds "9"]
[EventCountry "GER"]
[SourceTitle "EXT 2007"]
[Source "ChessBase"]
[SourceDate "2006.11.23"]
[SourceVersion "1"]
[SourceVersionDate "2006.11.23"]
[SourceQuality "1"]

1. f4 d5 2. b3 e5 3. e3 exf4 4. exf4 Qf6 5. d4 Nc6 6. Bb5 Bd6 7. Bxc6+ bxc6 8. Qd2 c5 9. c3 Ne7 10. Ne2 Qh4+ 11. g3 Qh3 12. Kf2 cxd4 13. cxd4 Bg4 14. Ba3 0-0 15. Bxd6 cxd6 16. Nbc3 a6 17. Qe1 Rfe8 18. Qf1 Qh6 19. h3 Bf5 20. Qg2 Rac8 21. Rac1 Qe6 22. g4 Be4 23. Nxe4 dxe4 24. f5 Qd5 25. Kg3 Qb5 26. Nf4 d5 27. Qd2 Qb6 28. Kg2 Qd6 29. Rhe1 Rc6 30. Rxc6 Nxc6 31. Nh5 Kh8 32. Qg5 Rg8 33. f6 gxf6 34. Qxf6+ Qxf6 35. Nxf6 Rd8 36. Rd1 Kg7 37. Nh5+ Kf8 38. Ng3 Nb4 39. Rd2 Rc8 40. Nf5 Rc3 41. Re2 Nd3 42. Kh2 Nf4 43. Re3 Rc2+ 44. Kh1 Nd3 45. Rg3 Rxa2 46. Ne3 Nf4 47. g5 Rb2 48. Nf5 Rf2 49. Rc3 Ke8 50. Rc8+ Kd7 51. Rc5 Rf3 52. Ra5 Rxh3+ 53. Kg1 Rxb3 54. Rxa6 Kc7 55. Ra7+ Rb7 56. Rxb7+ Kxb7 57. Nd6+ Kc6 58. Nxf7 Ne6 59. Ne5+ Kb5 60. g6 hxg6 61. Nxg6 Kc4 62. Kf2 Kxd4 63. Ke2 Ng7 64. Ne7 Ke5 65. Ke3 Nf5+ 0-1

[Event "Berlin SF Neukoelln op 3rd"]
[Site "Berlin"]
[Date "2004.03.12"]
[Round "6"]
[White "Kristovic, Stjepan"]
[Black "Kachibadze, Georg"]
[Result "1/2-1/2"]
[WhiteElo "2054"]
[BlackElo "1610"]
[PlyCount "108"]
[EventDate "2004.02.07"]
[EventType "swiss"]
[EventRounds "7"]
[EventCountry "GER"]
[SourceTitle "EXT 2022"]
[Source "ChessBase"]
[SourceDate "2021.10.06"]
[SourceVersion "1"]
[SourceVersionDate "2021.10.06"]
[SourceQuality "1"]

1. e4 c5 2. Nf3 Nc6 3. Bc4 d6 4. d3 g6 5. c3 Bg7 6. h3 Nf6 7. Be3 0-0 8. Qd2 e6 9. Bb3 b6 10. Bh6 d5 11. e5 Nd7 12. d4 Ba6 13. Na3 cxd4 14. cxd4 f6 15. Ba4 Na5 16. Bxg7 Kxg7 17. Bb5 Bxb5 18. Nxb5 Nc4 19. exf6+ Nxf6 20. Qe2 Qd7 21. Nc3 Nh5 22. Ne5 Nxe5 23. Qxe5+ Kg8 24. 0-0 Rf5 25. Qe3 Raf8 26. Ne2 Qd6 27. Rac1 e5 28. Ng3 Nxg3 29. Qxg3 Rf4 30. dxe5 Qxe5 31. Rc2 R8f7 32. Rd1 R4f5 33. Qb3 Rg5 34. Qa4 Qf5 35. Qb3 Qe4 36. Rc8+ Kg7 37. Qc3+ Kh6 38. g3 Rf3 39. Qd2 d4 40. Kh2 Qf5 41. Rc2 d3 42. h4 dxc2 43. hxg5+ Kh5 44. Rf1 c1Q 45. Qxc1 Rxf2+ 46. Rxf2 Qxf2+ 47. Kh3 Qf5+ 48. Kg2 Qd5+ 49. Kh3 Qxg5 50. Qc7 Qf5+ 51. Kg2 Qd5+ 52. Kh2 Qxa2 53. Qxh7+ Kg5 54. Qh4+ Kf5 1/2-1/2

[Event "Berlin SF Neukoelln op 3rd"]
[Site "Berlin"]
[Date "2004.02.25"]
[Round "3"]
[White "Bindewald, Hans"]
[Black "Kristovic, Stjepan"]
[Result "0-1"]
[WhiteElo "1764"]
[BlackElo "2054"]
[PlyCount "62"]
[EventDate "2004.02.07"]
[EventType "swiss"]
[EventRounds "7"]
[EventCountry "GER"]
[SourceTitle "EXT 2022"]
[Source "ChessBase"]
[SourceDate "2021.10.06"]
[SourceVersion "1"]
[SourceVersionDate "2021.10.06"]
[SourceQuality "1"]

1. e4 e5 2. Nf3 Nc6 3. d4 exd4 4. Bc4 d6 5. 0-0 Bg4 6. Bb5 Qf6 7. Nbd2 Nge7 8. h3 Bxf3 9. Nxf3 0-0-0 10. Bg5 Qg6 11. Re1 Ne5 12. Bh4 Qh5 13. Bxe7 Nxf3+ 14. Qxf3 Qxf3 15. gxf3 Bxe7 16. f4 Rhf8 17. Rad1 c5 18. Bc4 Kc7 19. a4 a6 20. a5 Bh4 21. Rf1 f5 22. f3 Bg3 23. Rd3 Bxf4 24. Rb3 fxe4 25. Bd5 Rb8 26. Bxe4 g6 27. Re1 Rfe8 28. Rd1 Re5 29. c3 d5 30. cxd4 Rg5+ 31. Kf1 dxe4 0-1